000 00932cab a2200193 4500
001 L129341
008 050413n2005 000 0 eng u
035 _a(Sirsi) u129341
041 _aeng
100 _aHansford, Mark
245 _aPreparing for the clean up
260 _c2005
490 _aNew Civil Engineer
_v 24 March 2005, 18-22(4)
520 _aDescribes the formation of the Nuclear Decommissioning Authority (NDA) which has just assumed ownership of all British Nuclear Fuel (BNFL) and UK Atomic Energy Authority (UKAEA) sites. Clean up projects will dominate the £50bn budget the NDA has to spend over the next 40 years in this first nationally unified approach to decommissioning. The BNFL and UKAEA will continue to run the sites on a day to day basis until the site management licenses are put out to tender.
590 _aIKA150405
690 _aProcurement
_96260
700 _aMylius, Andrew
942 _n0
999 _c75076
_d75076